[Event "Pardubice"]
[Site "Pardubice CZE"]
[Date "1994.??.??"]
[Round "1"]
[White "Shirov, Alexei"]
[Black "Polgar, Zsuzsa"]
[Result "1-0"]
[WhiteElo "2740"]
[BlackElo "2550"]
[EventDate "1994.07.??"]
[PlyCount "67"]
[EventType "tourn"]
[EventRounds "9"]
[EventCountry "CZE"]
[EventCategory "15"]
[Source "ChessBase"]
[SourceDate "1994.10.01"]
[WhiteTeamCountry "GER"]
[BlackTeamCountry "GER"]

1. e4 e6 2. d4 d5 3. Nc3 Bb4 4. e5 c5 5. a3 Bxc3+ 6. bxc3 Ne7 7. Nf3 Bd7 
8. dxc5 Qc7 9. Bd3 Ba4 10. Rb1 Nec6 11. O-O Nd7 12. Be3 h6 13. Re1 O-O-O D
{White is a pawn ahead but may lose one of his center pawns after say, Bd4
g5 and . . . g4.
He chose} 14. Rb4 {You can argue about whether this should have been
prepared by I 'ii'e2 first. But there is little doubt that White has ample
compensation - and a much easier position to play - after the sacrifice. 
Play
went} 14. ... Nxb4 15. axb4 D {What has White gotten for the Exchange? 
Well, for starters, his vulnerable pawn at c5 is solidly protected and 
part of an aggressive phalanx that threatens
to rip open Black's king protection. In return for the half-open b-file 
White has
the use of a more valuable a-file. 

White threatens to win with Qa1 Bc6  b5. But it isn't that threat as much
as the purely visual appearance of this position that tells a master that 
Rb4 ! is
sound.
This became clearer after Black defended with} 15. ... a6 {White would 
have
had good chances after Qa1 . But he wanted to get his knight, not the 
bishop,
to d4.
He saw that} 16. Nd4 Nb8 ( 16. ... Qxe5 17. Qa1! ) ( 16. ... Nxe5 17. Bf4!
) ( 16. ... Bc6 {eliminating the dangers of Qa1 , White can consolidate 
with} 17. f4 ) ( 16. ... g5 17. Qa1 Bc6 18. Nxc6 Qxc6 19. Rb1 Nxe5 20. b5 
+- axb5 21. Bxb5 Qc7 22. Bd4 +- ) 17. Qa1 ( 17. b5! Bxb5 18. Bxb5 Qxc5 19.
 Nxe6 Qxb5 20. Nxd8 Rxd8 21. Qg4+ Nd7 22. Qxg7 {The flip side to liking 
the looks of your side of the board is liking the
appearance of damage that a sacrifice inflicts on the enemy position.} ) 
17. ... Bc6 18. f4 g6 19. Bf2 Rhg8 20. Rb1 Kd7 21. Bh4 Rc8 22. Bf6 Ke8 23.
 b5 axb5 24. Nxb5 Bxb5 25. Bxb5+ Nc6 26. Qa7 Kd7 27. Bxc6+ Qxc6 28. Rb6 
Qxc5+ 29. Kh1 Ke8 30. Qxb7 Rc7 31. Qa6 Rc8 32. Qa4+ Kf8 33. Rb7 Rg7 34. 
Qd7 1-0

[Event "World Cup"]
[Site "Khanty Mansiysk"]
[Date "2007.12.03"]
[Round "4.1"]
[White "Akopian, Vladimir"]
[Black "Shirov, Alexei"]
[Result "0-1"]
[WhiteElo "2713"]
[BlackElo "2739"]
[EventDate "2007.11.24"]
[Annotator "Rogozenco"]
[PlyCount "98"]
[EventType "k.o."]
[EventRounds "7"]
[EventCountry "RUS"]
[Source "ChessBase"]
[SourceDate "2008.01.30"]

{The present game proves once again that Shirov is a highly inconvenient 
opponent for Akopian - their personal score is very much in Alexey's 
favour.} 
1. e4 c5 2. Nf3 Nc6 3. Bb5 {Akopian often plays the Open Sicilian (3.d4), 
but when he knows that the opponent can play the Sveshnikov Variation, he 
usually avoids it with 3.Bb5. Shirov himself uses this move from time to 
time.} 3. ... e6 {Alexey plays both 3...e6 and 3...g6 equally often.} 4. 
O-O Nge7 5. b3 a6 6. Bxc6 Nxc6 7. Bb2 {The idea behind the line 5.b3 is 
obvious: due to the pressure on g7 Black has difficulties to complete the 
kingside development. On the other hand it is not clear how should White 
use his development advantage. Normally he should open up the position, 
but this is double-edged: the opponent has no weaknesses and Black's 
bishop pair can later play its role. Akopian goes for another plan: he 
keeps the position closed and tries to take advantage of knights over 
bishops. The drawback of this plan is that Black can easily complete 
development.} 7. ... b5 8. c4 {The other possibility is to open the 
position with d2-d4, either immediately or after 8.a4.} 8. ... bxc4 9. 
bxc4 Rb8 10. Bc3 d6 11. Na3 e5 12. Nc2 {The main problem for Black is to 
find a job for the dark-squared bishop. Usually the bishop goes to e7 and 
then according to circumstances, to d8 or g5. After finishing development 
Black's plan in such structures is to prepare the advance ...f5. With the 
next move Shirov combines his tasks.} 12. ... g6 N {Black brings the 
bishop to the diagonal c1-h6 in the quickest possible way and at the same 
time prepares for the advance ...f5.} ( {Akopian has pleasant memories 
with this position:} 12. ... Be7 13. Ne3 O-O 14. d3 Qe8 15. Rb1 Rxb1 16. 
Qxb1 Bd8 17. Nd2 g6 18. Nd5 {Apparently Kasparov did everything correctly:
his bishops control the important squares on the queenside and he is ready
for the advance ...f5. But the problem is that opening the kingside will 
favour White, whos pieces will turn out to be more active.} 18. ... f5 19.
 exf5 gxf5 {This activity backfires.} 20. f4! Rf7 21. Qe1 Rg7 22. Nf3 Qg6 
23. g3 {White's minor pieces are very strong and Black is unable to hold 
the position.} 23. ... Rf7 24. fxe5 f4 25. exd6 fxg3 {1-0 Akopian,V (2678)
-Kasparov,G (2838)/Moscow (rapid) 2002} ) 13. Ne3 Bh6 14. Qa4 ( 14. Nd5 
âŒ“ O-O 15. Qa4 Nd4?! â–³ 16. Nxd4 cxd4 17. Ba5 Qg5 18. Qa3! â†‘ ) 14. ...
 Bd7 15. Rfb1 D {Beautiful example how a tactical sequence leads to a 
positional advantage.

White seems to hold the upper hand, thanks to a slight lead in 
development,
the target pawn at a6 and his outpost at d5 . Black proved that judgment 
was
wrong with} ( 15. Qxa6 {allows the repetition of moves:} 15. ... Ra8 16. 
Qb7 Rb8 17. Qa6 {It is understandable that in the first game of the match 
Akopian wasn't happy with a quick draw with White, but objectively this 
would have been the best decision.} ) 15. ... Bxe3! ( 15. ... f5? 16. exf5
gxf5 17. Nxf5! Nd4 18. Nxd6+ Ke7 19. Qxa6 Nxf3+ 20. Kh1!! ( 20. gxf3? Rg8+
21. Kf1 Bh3+ 22. Ke2 Qxd6 -+ ) ) 16. fxe3 ( 16. dxe3 Nd4! 17. Qd1 ( 17. 
Qxa6 Ne2+ ) 17. ... Nxf3+ 18. Qxf3 O-O =+ ( 18. ... Bc6 ) ) 16. ... Nd4 
17. Qxa6? ( {White had to forget about his ambitions and play for a draw 
after} 17. Qd1 Nxf3+ 18. Qxf3 O-O 19. d3 =+ {/=} ) ( 17. Rxb8 Qxb8 18. Qd1
Nc6 19. d4 cxd4 20. exd4 exd4 21. Nxd4 ) 17. ... Ne2+ 18. Kf2 Nxc3 19. 
dxc3 Ke7! {Shirov's positional pawn sacrifice led to a position with a 
great compensation for Black. White doesn't have good squares for the 
knight (which would happily come to d5, but squares c3 and e3 are not 
available). Besides, almost all White's pawns are weak.

The forcing moves are over and that means it would have been extremely
hard for Black to calculate much beyond this position when he decided on
1 . . . .Bxe3 ! . Nevertheless, he could be pretty certain that the 
sacrifice is sound
because of those two sets of doubled White pawns and the other target at 
a2.
Now that we've reached this position we can look at concrete lines. After
6 Rd1 Black meets the Qxd6+ threat with 6 . . . Qc7, creating his own 
threat, to
trap the queen with 7 . . . Ra8.} 20. Nd2 ( {Deserved attention} 20. a4 {
with the intention to bring the pawn on a5 as quick as possible.} ) 
20. ... Ra8 21. Qb7 Qa5 22. Qb2 Rhb8 23. Qc2 Rxb1 24. Nxb1 Rb8 25. Nd2 Qa4
! {White's queen is the best defensive piece, which also might become 
active some day. After the exchange of queens it becomes clear that White 
has a long and difficult defense ahead.} 26. Rc1 ( 26. Qc1 Be6 =+ {/-/+} )
26. ... Qxc2 27. Rxc2 Ba4 28. Nb3 Bc6 29. Nd2 Ba4 30. Nb3 h5! -/+ 31. Ke1 
h4 32. Kd2 Bc6 33. Kd3 f5! {The best way to increase the advantage. Black 
opens more files and diagonals for his pieces. In spite of still having an
extra pawn, White's position is strategically completely lost.} 34. exf5 
gxf5 35. Rf2 Ke6 36. Ke2 ( 36. g3 hxg3 37. hxg3 Be4+ ( 37. ... Rg8 38. Rh2
Rxg3 39. Ke2 -/+ ) 38. Ke2 Ra8 -+ ) 36. ... Ra8 37. Ke1 Ra4 -+ 38. g3 hxg3
39. hxg3 Be4 40. Rh2 Rxc4 41. Kd2 ( 41. Nd2 Rxc3 42. Nxe4 fxe4 -+ ) 
41. ... Ra4 42. Kc1 c4 43. Na1 Ra8 {The triumph of the bishop versus 
knight.} 44. Rd2 Rg8 45. a4 Rxg3 46. Nc2 Bxc2 47. Rxc2 Rxe3 48. a5 Kd7 49.
 a6 Kc7 0-1

[Event "Cappelle Open 10th"]
[Site "Cappelle la Grande FRA"]
[Date "1994.??.??"]
[Round "?"]
[White "Baburin, Alexander"]
[Black "Zeitlein, Michael"]
[Result "0-1"]
[WhiteElo "2520"]
[BlackElo "2440"]
[EventDate "1994.02.??"]
[PlyCount "124"]
[EventType "swiss"]
[EventRounds "9"]
[EventCountry "FRA"]
[Source "ChessBase"]
[SourceDate "2009.11.30"]
[WhiteTeamCountry "FIN"]
[BlackTeamCountry "SWE"]

1. d4 f5 2. g3 Nf6 3. Bg2 g6 4. Nf3 Bg7 5. O-O O-O 6. c4 d6 7. Nc3 Nc6 8. 
d5 Na5 9. Qc2 a6 10. b3 c5 11. Bb2 Rb8 12. e4 b5 13. e5 Ng4 14. exd6 exd6 
15. Nd1 bxc4 16. bxc4 f4 17. Bxg7 Kxg7 18. Qc3+ Kg8 19. h3 Nh6 20. g4 Nf7 
{Compensation 101


Being able to evaluate comp may seem like a gift, like being born with
perfect eyesight or perfect pitch. It isn't. It's a matter of training.

The best way to acquire it is by looking at master games and recognizing 
the
sacrifices that worked and the ones that didn't. We're talking about 
'real'
sacrifices, in Spielmann's term, not combinations. Your goal is to develop
a
feeling for the individual factors that make a sacrifice sound.

You can compose a list. In Rethinking the Chess Pieces, I identified five
criteria that are useful in evaluating an Exchange sacrifice. For example,
such a
sacrifice can be sound 'when the rooks can't behave like rooks' .

In other words, i t makes sense to give up a rook for a minor piece when 
your
opponent's rooks are restricted by the pawn structure. Then his material
advantage is negated, and what matters is the positional plusses you got 
in
return. "None of my rooks did anything," Sam Shankland complained after
fellow GM Alexander Shabalov sacrificed an Exchange against him in the 20 
1 1
U.S. Championship and won easily.

Another criterion in a sound Exchange sacrifice is the presence of several
minor pieces on the board. Black's sacrifice in the following game 
wouldn't be
sound if he dido 't have two knights.} 21. Nb2 D {
Black has a target at c4 and possibly g4. A natural way to proceed is l . 
. .Rb4
followed by . . .Qb6 to try to loosen White's defense of the c-pawn. Black
seems
to be making progress after 2 Rac1 Qb6. Or he could try to find a way to 
make
. . . hS work.
But he preferred} 21. ... Rxb2! {("Naturally! " he said afterwards)} 22. 
Qxb2 Nxc4 {What made the sacrifice natural to him was that because he had 
two knights compared with White's one knight, he could be assured of 
occcupying the
powerful outpost at e5 . That's by far the biggest positional asset in the
position.
Play continued} 23. Qc3 Nfe5 {This could be an example of a sacrifice 
decision that was 90 percent
evaluation. All that Black had to see when he chose I . . . Rxb2 was he 
would get
an unopposed knight on e5 after 4 Nxe5 Nxe5. Further, he could visualize 
that
. . . h5 is more dangerous than in the previous diagram.
If White doesn't initiate a trade on e5, Black will play, . . .Nxf3+ 
followed by
. . . Ne5 . It doesn't take Kasparovian calculation to see that if White 
allows . . . f3,
his king position is on the point of collapse.
White tried to defend against . . . h5 with} 24. Nh2 h5 25. Rfe1 hxg4 26. 
hxg4 Qg5! D {he was clearly worse. Defending the g4-pawn with 7 Bf3 Nxf3+ 
or 7 Bh3 f3 ! and . . . Qh4 will tum out disastrously. White realized that
his best chance was also an Exchange sacrifice} 27. f3 Ne3 28. Rxe3 fxe3 
29. Re1 Bd7 30. Rxe3 Rb8 31. Nf1 Rb4 32. Re1 Qf4 33. Qe3 Bb5 {Any would-be
master knows the long list of items that comprise a positional
advantage. Besides outposts and superior pawn structures, they include
unchallenged control of strong diagonals, the two bishops, a weakened 
enemy
king position, strong passed pawns and so on.} 34. Qxf4 Rxf4 35. Nd2 Bd3 
36. Kf2 Ra4 37. Ra1 c4 38. Rc1 Rxa2 39. Ke3 g5 40. Rc3 Ra1 41. Kf2 Kg7 42.
 Bf1 Rd1 43. Bxd3 Rxd2+ 44. Be2 Rxd5 45. Ke3 Rb5 46. f4 gxf4+ 47. Kxf4 Rb2
48. Re3 c3 49. Bxa6 c2 50. Rc3 Rb6 51. Rc7+ Kf8 52. Rxc2 Rxa6 53. Kf5 Nc6 
54. Kf6 Ne7 55. g5 d5+ 56. Ke5 Rg6 57. Rg2 Kf7 58. Rf2+ Ke8 59. Rg2 Kd7 
60. Kf4 Re6 61. Ra2 Re4+ 62. Kf3 Nc6 0-1

[Event "Reggio Emilia-A 9192 34th"]
[Site "Reggio Emilia ITA"]
[Date "1992.??.??"]
[Round "2"]
[White "Polugaevsky, Lev"]
[Black "Gelfand, Boris"]
[Result "0-1"]
[WhiteElo "2630"]
[BlackElo "2665"]
[EventDate "1991.12.??"]
[Annotator "Ftacnik"]
[EventType "tourn"]
[EventRounds "9"]
[EventCountry "ITA"]
[EventCategory "18"]
[Source "ChessBase"]
[SourceDate "2004.01.01"]
[WhiteTeamCountry "UAE"]
[BlackTeamCountry "QAT"]

1. d4 Nf6 2. Nf3 g6 3. g3 Bg7 4. Bg2 O-O 5. O-O d5 6. Nbd2 a5 7. c4 c6 8. 
Ne5 ( 8. b3 ) 8. ... Ng4 9. Nef3 Bf5 10. b3 Nf6 11. Bb2 a4!? ( 11. ... Ne4
12. Nh4 ( 12. Rc1 a4 13. b4 Na6 14. a3 Nc7 15. cxd5 cxd5 16. Ne5 Nf6 17. 
Re1 += {Todorcevic, M-Averbakh,Y/Palma GMA-op/1989/} ) 12. ... Nxd2 13. 
Qxd2 Be6 14. f4 f5 15. Rfc1 Nd7 = {Ljubojevic,L-Uhlmann,W/Manila izt/1976/
} ) 12. Nh4 ( 12. b4 a3 13. Bc3 Na6 â‡„â‡„ ) 12. ... Be6 13. Qc2 a3! 14. 
Bc3 c5 15. Rad1 ( 15. dxc5 d4 16. Bb4 g5! ( 16. ... Nc6 17. Bxc6 bxc6 18. 
Qc1 ~ ) 17. Nhf3 ( 17. Nf5 d3 18. Qxd3 Qxd3 19. exd3 Bxf5 20. Bxb7 Ra7 21.
 c6 Bc8 -/+ ) 17. ... Nc6 -+ ) ( 15. cxd5 Nxd5 -/+ ) 15. ... cxd4 16. Bxd4
Nc6 17. Bxf6?! ( 17. Ba1 Qa5 =+ ) 17. ... Bxf6 {If the amount of material 
being sacrificed is relatively small, any of those
plusses may alone qualify as sufficient comp. Here's a striking case.} 18.
 Ne4? D {White has just exchanged pieces on f6, giving up his dark-squared
bishop so
that he could play Ne4. His idea is to exploit the targets, the pawns at 
d5 and
b7. He prepares Nc5 or Nxf6+ followed by cxd5.
White has not given up material. But he is relying on his sense of
compensation: His kings ide pawns would be wrecked after 1 ... Bxh4 2 
gxh4.
But he feels it would be worthwhile because he would threaten 3 Ng5 as 
well
as 3 cxd5 Nxd5 4 Rxd5 ! Qd5 5 Nf6+ and Bxd5 .
However, let's tum the board around and think about the position from
Black's point of view. What are the positional plusses for him?
Believe it or not, one of the biggest is that pawn at a3 . Beginners tend 
to
overrate the value of an advanced pawn simply because it's advanced. 
BetterÂ­
than-average players know better than that. But they tend to undervalue an
advanced blocked pawn simply because it's blocked.
Thanks to a bit of visualization, Black appreciated its true value and 
played} 18. ... dxe4! ( 18. ... Bg7? 19. cxd5 Nb4 20. Qc4 Nxd5 21. Nc5 â†‘
) 19. Rxd8 Rfxd8 D {What matters most is that Black will almost certainly 
win the pawn at a2,
clearing the way for his own a-pawn to queen. For example,} 20. Qxe4 ( 20.
 Bxe4 Nb4! ( 20. ... Nd4 21. Qb1 Nxe2+ 22. Kg2 Rd2 -/+ ) 21. Qb1 Rd2 ) 
20. ... Rd2 {So he went for broke on the kingside with} 21. f4 ( {He 
recognized how lost} 21. Qb1? Rb2 -/+ ) 21. ... Rxa2 22. f5 gxf5 23. Nxf5 
{But
after Black forced a trade of rooks with} 23. ... Ra1! {there was nothing 
to stop his
pawn and White lost after a tactical gamble} 24. Nxe7+ ( 24. Rxa1 Bxa1 25.
 Qb1 Bf6 26. g4 a2 -+ ) 24. ... Nxe7 25. Rxa1 Bxa1 26. Qxb7 Bd4+ 27. e3 ( 
27. Kf1 Ra7 -+ ) 27. ... Bxe3+ 28. Kf1 Ra7 29. Qb8+ Nc8! {Ftacnik,L} ( 
29. ... Kg7 30. Qe5+ Kg8 31. Qxe3 ) 0-1

[Event "URS Spartakiad"]
[Site "Moscow RUS"]
[Date "1979.??.??"]
[Round "?"]
[White "Mikhalchishin, Adrian"]
[Black "Lukin, Andrei M"]
[Result "1-0"]
[WhiteElo "2480"]
[BlackElo "2460"]
[EventDate "1979.07.11"]
[PlyCount "81"]
[EventType "team"]
[EventRounds "9"]
[EventCountry "URS"]
[Source "ChessBase"]
[SourceDate "1999.07.01"]
[BlackTeamCountry "CUB"]

1. d4 Nf6 2. c4 c5 3. Nf3 cxd4 4. Nxd4 e6 5. g3 Qc7 6. Nd2 Nc6 7. Nb5 Qb6 
8. Bg2 a6 9. Nc3 Be7 10. O-O {Threats and Comp

Sophisticated, sound sacrifices require more than just positional plusses.
They usually demand threats as well. In the last example Black's a3-pawn 
meant
nothing without Black's threats to win White's a2-pawn. Once Black took on
a2,
the Black pawn accounted for virtually all of his compensation and it was
enough to win.

It's hard to generalize about when the comp you need is primarily 
positional,
when it is mostly material and when it is chiefly a matter of threats. But
pawn
sacrifices can teach us something. There is no material comp when you give
up
one pawn, so threats and positional plusses are all that matter.

To deepen your appreciation of compensation, you should look at master
games with one-pawn sacks. Avoid mating attack games and focus instead on
positional battles, like the following.} 10. ... O-O D {White can obtain a
small edge with the quiet 11 Nxe4. After  11... Nxe4  12 Nxe4 he is ready 
to play 13 b3 and 14 .Be3 or 14 Bb2 with advantage.
But 12 . . . Rd8 13 b3 d5 !? could be messy. White can settle instead for 
a more
secure superiority by means of 3 Qc2 and 4 Be3 .
However, White has reason to expect more out of this position than a 
plusover-
equals edge. He needs the help of little tactics. That directs his 
attention to
a threatening move,  Na4. But what's the follow-up?
The answer would have to be the positionally desirable 2 c5 . That makes
both b6 and d6 into very vulnerable - and occupyable - holes.
But there is a risk if Black answers} 11. Na4 ( 11. Nde4 Nxe4 12. Nxe4 Rd8
13. Be3 Qxb2 14. c5 Qa3 15. Qd2 d5 16. cxd6 Bxd6 17. Nxd6 Rxd6 18. Qc2 Nd4
19. Bxd4 Rxd4 20. Rfd1 Rxd1+ 21. Rxd1 Qe7 22. Qd2 h6 23. Qa5 g6 24. Rd8+ 
Kh7 25. h4 += ) 11. ... Qa5 12. c5 {When considering this position, White 
can more or less rule out all Black
replies other than 2 . . .Bxc5. White would simply have a too big an edge 
at no
cost after 2 . . Rd8? 3 Nc4.
Therefore, White had to weigh} 12. ... Bxc5 13. Nc4 Qb5 {Does he have
compensation then?
White felt there was enough in} 14. b3! {He threatens Nxc5 Qxc5 Ba3 
winning Exchange. 

That leaves a retreat along the other diagonal} 14. ... Ba7 ( 14. ... Be7 
15. Nab6 Rb8 16. Bf4 ) ( 14. ... d5 15. Nc3! Qb4 16. a3 Qxc3 17. Bb2 +- ) 
15. Ba3 Rd8 16. Rc1 {White could have played differently in the last few 
moves, such as with
6 Nd6, and still have plenty of compensation. But the more accurate 6 Rc1 
!
creates more threats, such as 7 Bxc6 and then 7 . . . Qxc6 8 Ncb6 or 7 . .
bxc6
8 Be7 Re8? 9 Nd6. White won without much difficulty.
A two-pawn sacrifice, not surprisingly, is harder to appraise than a 
one-pawn
offer. But there are some clues. The more pawns that you give up, the 
greater
the role that specific threats play in confirming compensation.} 16. ... 
a5 17. e4 d5 18. Nd6 Qa6 19. Re1 b5 20. Bf1 Nd4 21. e5 Ne4 22. Nc5 Bxc5 
23. Bxc5 Nxd6 24. Qxd4 Nf5 25. Qf4 Bd7 26. g4 Nh4 27. Qg3 Ng6 28. h4 f6 
29. exf6 e5 30. h5 Nf4 31. f7+ Kxf7 32. Rxe5 Ne6 33. Rxd5 Nxc5 34. Rcxc5 
Qe6 35. Bxb5 Bxb5 36. Rxb5 Qe1+ 37. Kh2 Rf8 38. Re5 Qd2 39. Rf5+ Kg8 40. 
Rb7 Rxf5 41. gxf5 1-0